000
00297 a2200133 4500
001
76684
082
_a
355.01 MIR
090
_c
39202
_d
39202
100
_a
Sun Tzu
245
_a
Art of War (Urdu)
_c
Sun Tzu
_h
urdu
260
_a
KARACHI
_b
City Book
_c
2010
300
_a
158 p
600
_a
Abid Mir
942
_a
caenust
_k
355.01 MIR
999
_c
311757
_d
311757